000 00794nam a22002297a 4500
001 72126
003 UA-OsUOA
005 20220527152539.0
007 ta
008 20101227b un ||||| |||| 00| 0 ukr d
040 _aUA-OsUOA
_brus
_cUA-OsUOA
_dUA-OsUOA
041 _arus
080 _a821.161.1
090 _a821.161.1
_bП67
245 _aПоэзия трубадуров. Поэзия миннезингеров. Поэзия вагантов
_cВступ. статья Пуришев Б.
260 _aМ.
_bХудожественная литература
_c1974
300 _a574 с.
650 7 _a82 Література. Літературознавство
_2UDC
942 _cBK
_2udc
955 _a2
999 _c358410
_d358410